000 00428nam a2200169Ia 4500
005 20250423100909.0
008 250422s9999 xx 000 0 und d
020 _a0- 19- 859374- 0
050 _aTK 7871.85 .M5754/
100 _aAlbrecht Moschwitzer
245 0 _aSemiconductor devices, circuits, and systems
260 _bClarendon press
260 _c1991
300 _a352 p
650 _aSemiconductors
942 _cBK
999 _c34676
_d34676